[Event "SVK-ch U12"]
[Site "Tatralandia"]
[Date "2024.04.09"]
[Round "6"]
[White "Virostko, Silver"]
[Black "Kulka, Tomas"]
[Result "0-1"]
[WhiteElo "1000"]
[BlackElo "1000"]
[PlyCount "64"]
[EventDate "2024.04.05"]
[EventType "swiss"]
[EventRounds "9"]
[EventCountry "SVK"]
[SourceTitle "CB16_2024"]
[SourceDate "2024.04.17"]
[SourceVersion "1"]
[SourceVersionDate "2024.04.17"]
[SourceQuality "1"]

1. e4 e5 2. Nf3 Nf6 3. Nxe5 d6 4. Nd3 Nxe4 5. Nc3 Nxc3 6. dxc3 Be7 7. Nf4 0-0 8. Bc4 c6 9. 0-0 d5 10. Bb3 Re8 11. Nh5 Bd6 12. Bd2 Bd7 13. Re1 Rxe1+ 14. Qxe1 Na6 15. c4 dxc4 16. Bxc4 Nc7 17. Qe3 Be6 18. Qc3 f6 19. Re1 Be5 20. Qe3 Bxc4 21. f4 Bd4 22. Qxd4 Qxd4+ 23. Re3 Qxd2 24. h3 Qxe3+ 25. Kh2 Nd5 26. b3 Nxf4 27. Nxf4 Qxf4+ 28. Kg1 Qf1+ 29. Kh2 Bd5 30. Kg3 Qxg2+ 31. Kh4 g5+ 32. Kh5 Qxh3# 0-1